000 00575pam a2200169 a 4500
020 _a0025257501
082 0 0 _a389.1/03
_bDAR
_cL-39, P-3
100 1 _aDarton, Michael.
_938855
245 1 4 _aThe Macmillan dictionary of measurement /
_cMike Darton and John Clark.
260 _aNew York :
_bMacmillan :
_bMaxwell Macmillan International,
_cc1994.
300 _avi, 538 p. :
_bill. ;
_c25 cm.
500 _aIncludes index.
526 _a0
_b0
_c0
_d389_103000000000000_DAR
650 0 _aMCE
_xDictionaries.
_938856
700 1 _aClark, John Owen Edward.
_938857
942 _2ddc
_cBK
999 _c543481
_d543481